00872nam a2200217 i 450000100060000000300090000600500170001500700030003200800410003508000270007608000250010310000430012824501130017126000530028430000350033760000430037265100800041585200220049599900170051795201200053491185ES-MaACL20230906180648.0t|050127s1945 ag a ||||1|bspa d a929 Lerroux, Alejandro a946"1931/39"(093.32)1 aLerroux, Alejandro,d1864-1949922724613aLa pequeña historia b: apuntes para la historia grande / cvividos y redactados por el autor, A. Lerroux. aBuenos Aires : bCimera, c[1945] (fImp.Balmes) aXVI, 618 p. : bil. ; c20 cm.14aLerroux, Alejandro,d1864-19499227246 4aEspaña-xHistoria-y1931-1939, II República-vRelatos personales.98290 aES-MaACLjB-10566 c91185d91185 00104070aATENEOMbATENEOMcSPBd2008-01-17eSCl0oB-10566p1095205r2023-02-23 00:00:00w2023-02-23yMONOGRAFIA